LDR 01033nam a2200253 i 4500 001 000000130894 003 CaOOAMICUS 005 20260605122719.0 008 041105s2002 it u000 u ita u 020 $a88-420-6131-X 040 $aSeMil$bita 245 10$aRoma antica /$cM. Beard ... [et al.] ; a cura di Andrea Giardina. 250 $a2. ed. 300 $aXXXI, 430 p., [24] c. di tav. 650 4$aRoma antica - Storia.$0(OLS)http://semarc/subject/503 700 1 $aBeard, Mary.$0(OLS)http://semarc/name/54117 700 1 $aGiardina, Andrea,$d<1949- >.$0(OLS)http://semarc/name/1027 773 0 $tStoria di Roma dall'antichità a oggi.$dRoma ; Bari : Laterza & Figli, 1999-2002.$kStoria e società$w()12385 850 $aSeMil 852 $aSeMil$W1$xVenegono$y1$m3S II 110$j272967$B84913$CSeMilBibl$Z2$F88700 $81 961 $aAcquisto: Laterza (Agente) 996 $6020$a88-420-6131-X$9(OLS)http://semarc/number/117812 996 $6245$aRoma antica$9(OLS)http://semarc/title/2354